000 00344nam a2200145Ia 4500
008 221030s9999 xx 000 0 und d
020 _a9380027050
041 _aEnglish
100 _aP. Sharma
245 0 _aArtificial Intelligence
_cby P. Sharma
260 _bKatson
_aNew Delhi
_c2015
300 _a390
650 _aComputers
942 _cBK
999 _c15940
_d15940